[Event "58th ch-RUS Semi-Final"]
[Site "Kazan RUS"]
[Date "2005.09.06"]
[Round "4"]
[White "Alekseev,Evgeny"]
[Black "Yemelin,V"]
[Result "1-0"]
[WhiteElo "2625"]
[BlackElo "2530"]
[EventDate "2005.09.03"]

1. e4 e5 2. Nf3 Nc6 3. Bb5 Nf6 4. d3 d6 5. c3 g6 6. O-O Bg7 7. Re1 O-O 8.
Nbd2 Nb8 9. d4 Nbd7 10. Nf1 c6 11. Ba4 b5 12. Bc2 Bb7 13. Bg5 h6 14. Bh4 c5
15. Qd2 Re8 16. d5 Nb6 17. Ne3 Bc8 18. b3 Bd7 19. a4 a6 20. Qe2 Qc7 21. Nd2
Reb8 22. Ra2 Ne8 23. Rea1 Bf6 24. Bg3 Qd8 25. h3 h5 26. Qf1 Bg5 27. Qe1 Ng7
28. f3 f5 29. Bf2 f4 30. Nd1 Ne8 31. Nb2 Be7 32. h4 g5 33. hxg5 Bxg5 34.
Kf1 h4 35. Ke2 Ng7 36. axb5 axb5 37. Rxa8 Rxa8 38. Rxa8 Nxa8 39. Qa1 Qb8
40. Bd3 Nc7 41. b4 c4 42. Nbxc4 bxc4 43. Nxc4 Nh5 44. Kd2 Be7 45. Qa7 Qxa7
46. Bxa7 h3 47. gxh3 Bxh3 48. Na5 Bg2 49. Be2 Ng3 50. c4 Bg5 51. Kd3 Ne8
52. b5 Nf6 53. b6 Nd7 54. b7 Nf1 55. b8=Q+ Nxb8 56. Bxb8 Nh2 57. Bxd6 Bxf3
58. Bxf3 Nxf3 59. c5 Ne1+ 60. Ke2 Bh4 61. c6 f3+ 1-0

[Event "58th ch-RUS Semi-Final"]
[Site "Kazan RUS"]
[Date "2005.09.06"]
[Round "4"]
[White "Riazantsev,A"]
[Black "Novikov,St"]
[Result "1/2-1/2"]
[WhiteElo "2599"]
[BlackElo "2534"]
[EventDate "2005.09.03"]

1. d4 Nf6 2. c4 d6 3. Nc3 e5 4. Nf3 e4 5. Nd2 Bf5 6. e3 c5 7. d5 Qe7 8. b3
g6 9. Bb2 Bg7 10. Qc2 Nbd7 11. h3 h5 12. O-O-O O-O-O 13. Be2 h4 14. a3 Kb8
1/2-1/2

[Event "58th ch-RUS Semi-Final"]
[Site "Kazan RUS"]
[Date "2005.09.06"]
[Round "4"]
[White "Dvoirys,S"]
[Black "Obolenskikh,D"]
[Result "1/2-1/2"]
[WhiteElo "2589"]
[BlackElo "2437"]
[EventDate "2005.09.03"]

1. e4 c5 2. Nf3 d6 3. d4 cxd4 4. Nxd4 Nf6 5. Nc3 a6 6. Be2 e6 7. O-O Be7 8.
f4 O-O 9. Bf3 Qc7 10. g4 Nc6 11. Nde2 d5 12. exd5 Nxd5 13. Nxd5 exd5 14.
Be3 Rd8 15. c3 Bd7 16. Rf2 Na5 17. Ng3 Nc4 18. Bd4 Bc6 19. g5 Nd6 20. Qd3
Qd7 21. Rd1 Re8 22. Bc5 Ne4 23. Nxe4 dxe4 24. Qxd7 Bxd7 25. Bxe7 Bc6 26.
Bg2 Rxe7 27. Rfd2 f6 28. Bf1 Kf7 29. Rd6 Kg6 30. Re1 Rf8 31. Kf2 h6 32.
gxh6 Kxh6 33. Re3 g5 34. Rh3+ Kg6 35. Ke3 Rd7 36. Rxd7 Bxd7 37. Rg3 Rh8 38.
h3 Rh4 39. Bg2 Bf5 40. fxg5 fxg5 41. Bf1 1/2-1/2

[Event "58th ch-RUS Semi-Final"]
[Site "Kazan RUS"]
[Date "2005.09.06"]
[Round "4"]
[White "Iljin,A"]
[Black "Lastin,A"]
[Result "0-1"]
[WhiteElo "2500"]
[BlackElo "2583"]
[EventDate "2005.09.03"]

1. e4 c5 2. Nf3 d6 3. d4 Nf6 4. Nc3 cxd4 5. Nxd4 a6 6. g3 e5 7. Nb3 Be7 8.
Bg2 O-O 9. a4 Nbd7 10. a5 b5 11. axb6 Nxb6 12. Na5 Qc7 13. O-O Nc4 14. Nxc4
Qxc4 15. Na4 Bg4 16. f3 Be6 17. b3 Qb4 18. Ba3 Qb7 19. c4 Rab8 20. Rb1 Qa7+
21. Kh1 h5 22. h4 Rb7 23. Rc1 Qb8 24. Rc3 Nd7 25. Qc2 a5 26. Rd3 Rc8 27. f4
Bg4 28. f5 Nb6 29. Nc3 d5 30. Bxe7 dxc4 31. bxc4 Rxe7 32. Nd5 Nxd5 33. Rxd5
Rec7 34. c5 Qb4 35. Rc1 a4 36. c6 a3 37. Rc5 Ra8 38. Qa2 Be2 39. R5c3 Bb5
40. Rb3 Qa4 41. Rcc3 Bc4 42. Rxc4 Qxc4 43. Rb8+ Rxb8 44. Qxc4 Ra8 45. Qa2
Rxc6 46. Kh2 Rc2 47. Qxc2 a2 48. f6 a1=B 49. fxg7 Ra2 50. Qc8+ Kxg7 51. Qf5
Bd4 52. Kh3 Rf2 53. Qxh5 0-1

[Event "58th ch-RUS Semi-Final"]
[Site "Kazan RUS"]
[Date "2005.09.06"]
[Round "4"]
[White "Tomashevsky,E"]
[Black "Sorokin,M"]
[Result "1/2-1/2"]
[WhiteElo "2555"]
[BlackElo "2567"]
[EventDate "2005.09.03"]

1. Nf3 Nf6 2. c4 e6 3. Nc3 d5 4. d4 dxc4 5. e4 Bb4 6. Bg5 c5 7. Bxc4 cxd4
8. Nxd4 Bxc3+ 9. bxc3 Qa5 10. Bxf6 Qxc3+ 11. Kf1 gxf6 12. Bb5+ Ke7 13. Rc1
Qa5 14. e5 fxe5 15. Qh5 Nd7 16. Qg5+ Kf8 17. Rxc8+ Rxc8 18. Bxd7 Qd8 19.
Nxe6+ fxe6 20. Qh6+ Kf7 21. Qxe6+ Kf8 22. Qh6+ Kf7 23. Qe6+ 1/2-1/2

[Event "58th ch-RUS Semi-Final"]
[Site "Kazan RUS"]
[Date "2005.09.06"]
[Round "4"]
[White "Magomedov,Ma"]
[Black "Vitiugov,N"]
[Result "1/2-1/2"]
[WhiteElo "2565"]
[BlackElo "2519"]
[EventDate "2005.09.03"]

1. e4 c5 2. Nf3 e6 3. d4 cxd4 4. Nxd4 a6 5. Bd3 Bc5 6. Nb3 Be7 7. O-O d6 8.
Qe2 Nf6 9. c4 b6 10. Nc3 Bb7 11. Rd1 1/2-1/2

[Event "58th ch-RUS Semi-Final"]
[Site "Kazan RUS"]
[Date "2005.09.06"]
[Round "4"]
[White "Khismatullin,D"]
[Black "Kosteniuk,A"]
[Result "1-0"]
[WhiteElo "2583"]
[BlackElo "2516"]
[EventDate "2005.09.03"]

1. c4 e5 2. Nc3 d6 3. Nf3 f5 4. d4 e4 5. Ng5 Be7 6. Nh3 Nf6 7. g3 c6 8. Bg2
Na6 9. O-O O-O 10. d5 Nc7 11. a4 cxd5 12. cxd5 Rb8 13. a5 Re8 14. f3 exf3
15. exf3 b5 16. axb6 Rxb6 17. Nf4 Bf8 18. Re1 a6 19. Bf1 Bd7 20. Bc4 Qc8
21. b3 Nb5 22. Na4 Rb8 23. Bb2 Qb7 24. Qd2 Be7 25. Kg2 Nc7 26. Nc5 Qc8 27.
Rac1 Qd8 28. Nce6 Bxe6 29. Nxe6 Nxe6 30. Rxe6 Rf8 31. Rce1 Rf7 32. Bxa6 Nd7
33. b4 Bf8 34. Bd4 f4 35. Bc4 Qc8 36. Bd3 Qb7 37. Qc2 Nf6 38. Bxf6 gxf6 39.
b5 Rc8 40. Qb1 Qxd5 41. R6e2 fxg3 42. Be4 Qg5 43. Bf5 Rc3 44. hxg3 Rg7 45.
g4 Qf4 46. Qa2+ Rf7 47. Rf1 d5 48. Qd2 Qxd2 49. Rxd2 Ra7 50. Rb1 Bc5 51. b6
Rb7 52. Rxd5 Be3 53. Rd6 Kg7 54. Be4 Bf4 55. Rd8 Rb8 56. Rd7+ Kf8 57. Rxh7
Rd8 58. b7 Bb8 59. Rh8+ Ke7 60. Rxd8 Kxd8 61. Rh1 1-0

[Event "58th ch-RUS Semi-Final"]
[Site "Kazan RUS"]
[Date "2005.09.06"]
[Round "4"]
[White "Chebotarev,O"]
[Black "Filippov,Va"]
[Result "1-0"]
[WhiteElo "2517"]
[BlackElo "2621"]
[EventDate "2005.09.03"]

1. e4 c5 2. Nf3 Nc6 3. Bb5 g6 4. Bxc6 dxc6 5. d3 Bg7 6. h3 Nf6 7. Nc3 O-O
8. Bf4 Ne8 9. Qd2 Nc7 10. Bh6 f6 11. O-O-O e5 12. Nh2 Ne6 13. Ng4 Qe7 14.
Bxg7 Qxg7 15. g3 f5 16. exf5 gxf5 17. Ne3 Nd4 18. f4 Be6 19. Qf2 Kh8 20.
fxe5 Qxe5 21. Ng2 a5 22. Nf4 Bf7 23. Rhe1 Qd6 24. Kb1 a4 25. Nce2 a3 26. b3
Qf6 27. Nxd4 cxd4 28. Qe2 Rfe8 29. Qd2 Re3 30. Qb4 Rxg3 31. Qxb7 Rag8 32.
Qa7 Qd6 33. Qxf7 Qxf4 34. Qf6+ R3g7 35. Rg1 Qc7 36. Qxd4 c5 37. Qc3 Rd8 38.
Rg5 Kg8 39. Rdg1 Rdd7 40. Rxg7+ Rxg7 41. Rxg7+ Qxg7 42. Qxg7+ Kxg7 43. Kc1
Kf6 44. Kd2 Ke5 45. c3 h5 46. Ke3 h4 47. Kf3 Ke6 48. Kf4 Kf6 49. b4 cxb4
50. cxb4 Ke6 51. b5 1-0

[Event "58th ch-RUS Semi-Final"]
[Site "Kazan RUS"]
[Date "2005.09.06"]
[Round "4"]
[White "Tregubov,P"]
[Black "Kabanov,N"]
[Result "1-0"]
[WhiteElo "2607"]
[BlackElo "2508"]
[EventDate "2005.09.03"]

1. d4 Nf6 2. c4 g6 3. Nc3 Bg7 4. e4 d6 5. Nge2 O-O 6. Ng3 c6 7. Be2 e5 8.
d5 cxd5 9. cxd5 Nbd7 10. Rb1 a6 11. b4 h5 12. Bg5 Qe8 13. Be3 Nh7 14. Nf1
Qe7 15. Nd2 f5 16. f3 Ndf6 17. Rc1 h4 18. Nc4 Nh5 19. Nb6 Rb8 20. Kd2 Nf4
21. Rg1 Nf6 22. Kc2 fxe4 23. fxe4 Nxe2 24. Qxe2 Ng4 25. Bd2 Rf2 26. Nxc8
Rxc8 27. Qxg4 Qc7 28. Kb1 Qc4 29. Rc2 Rxd2 30. Rxd2 Qxc3 31. Rb2 Rc4 32.
Qf3 Qd4 33. Rd1 Qxe4+ 34. Qxe4 Rxe4 35. b5 a5 36. Rc1 Rd4 37. b6 e4 38.
Rc8+ Kh7 39. Rc7 e3 40. Re2 Rb4+ 41. Kc2 Rxb6 42. Rxe3 Kh6 43. Rb3 Ra6 44.
Rbxb7 Be5 45. Ra7 Rb6 46. Rcb7 Rxb7 47. Rxb7 Bxh2 48. Ra7 g5 49. Kd1 g4 50.
Ke2 Kg5 51. Rxa5 Bg1 52. Ra3 Kf4 53. Rd3 Ke4 54. a4 Bb6 55. Rb3 Bc5 56. a5
Kxd5 57. a6 Kc6 58. Rb7 h3 59. gxh3 gxh3 60. Kf3 1-0

[Event "58th ch-RUS Semi-Final"]
[Site "Kazan RUS"]
[Date "2005.09.06"]
[Round "4"]
[White "Iljushin,A"]
[Black "Tseshkovsky,V"]
[Result "0-1"]
[WhiteElo "2531"]
[BlackElo "2599"]
[EventDate "2005.09.03"]

1. d4 Nf6 2. c4 g6 3. Nc3 d5 4. cxd5 Nxd5 5. Bd2 Bg7 6. e4 Nb6 7. Be3 O-O
8. Be2 Nc6 9. Nf3 Bg4 10. d5 Bxf3 11. Bxf3 Ne5 12. Be2 Nec4 13. Bc1 c6 14.
dxc6 bxc6 15. Qc2 Qd4 16. O-O Rfd8 17. a4 Na5 18. Rb1 Qb4 19. Bd1 c5 20.
Bd2 Qc4 21. Be1 Nc6 22. b3 Qe6 23. f4 Nb4 24. Qe2 Nd3 25. e5 c4 26. Ne4
Nxe1 27. Qxe1 Qd5 28. Kh1 Qd4 29. Bc2 Nd5 30. Rf3 Rab8 31. b4 Nxb4 32. Rxb4
Rxb4 33. h4 Rb2 34. Rc3 Bh6 35. g3 f5 36. exf6 exf6 37. Qe2 f5 38. Rxc4 Qd5
0-1

[Event "58th ch-RUS Semi-Final"]
[Site "Kazan RUS"]
[Date "2005.09.06"]
[Round "4"]
[White "Popov,Val"]
[Black "Nevostrujev,V"]
[Result "1-0"]
[WhiteElo "2570"]
[BlackElo "2490"]
[EventDate "2005.09.03"]

1. d4 Nf6 2. Nf3 g6 3. c4 Bg7 4. Nc3 O-O 5. e4 d6 6. Be2 e5 7. Be3 Na6 8.
O-O Ng4 9. Bg5 Qe8 10. Re1 exd4 11. Nxd4 Qe5 12. Nf3 Qc5 13. Bh4 f5 14.
exf5 Bxf5 15. h3 Nh6 16. Qd2 Bd7 17. Nd5 Nf5 18. Bg5 h6 19. Be3 Nxe3 20.
fxe3 Rae8 21. a3 Rf5 22. Bd3 Rxd5 23. cxd5 Qxd5 24. Rac1 Bb5 25. Bxg6 Qxd2
26. Nxd2 Re7 27. Nf3 Nc5 28. Rc2 a5 29. Rd2 Na4 30. Nd4 Bd7 31. Ree2 Bf6
32. Bc2 Nc5 33. g4 Kh8 34. Kf2 Bh4+ 35. Kf3 b5 36. b4 axb4 37. axb4 Na6 38.
Bf5 Be8 39. Bd3 c6 40. Nf5 Rf7 41. Kg2 Be7 42. Ra2 Nxb4 43. Ra8 Rf8 44.
Bxb5 Bg6 45. Rxf8+ Bxf8 46. Ba4 c5 47. e4 c4 48. Kf3 h5 49. Kf4 c3 50. Kg5
Kh7 51. Bb3 Nd3 52. Re3 Nc5 53. Bg8+ Kxg8 54. Kxg6 hxg4 55. Rxc3 gxh3 56.
Rxh3 Nxe4 57. Ra3 Nc5 58. Ra8 Nd7 59. Nh6+ Kh8 60. Ng4 Kg8 61. Nf6+ Nxf6
62. Kxf6 d5 63. Kg6 d4 64. Rd8 d3 65. Rxd3 Be7 66. Rf3 Bh4 67. Rf4 Bg3 68.
Rg4 Bh2 69. Rg2 Bd6 70. Rd2 Be7 71. Rc2 1-0

[Event "58th ch-RUS Semi-Final"]
[Site "Kazan RUS"]
[Date "2005.09.06"]
[Round "4"]
[White "Kosyrev,V"]
[Black "Gavrilov,Al1"]
[Result "1/2-1/2"]
[WhiteElo "2540"]
[BlackElo "2464"]
[EventDate "2005.09.03"]

1. d4 Nf6 2. c4 e6 3. Nf3 d5 4. Nc3 Be7 5. Bg5 h6 6. Bh4 O-O 7. e3 b6 8.
Bd3 Bb7 9. O-O Nbd7 10. Qe2 c5 11. Rfd1 Ne4 12. Bg3 cxd4 13. exd4 1/2-1/2

[Event "58th ch-RUS Semi-Final"]
[Site "Kazan RUS"]
[Date "2005.09.06"]
[Round "4"]
[White "Yevseev,D"]
[Black "Pokazanjev,N"]
[Result "1/2-1/2"]
[WhiteElo "2537"]
[BlackElo "2410"]
[EventDate "2005.09.03"]

1. d4 d5 2. c4 c6 3. Nc3 Nf6 4. e3 a6 5. Nf3 e6 6. Qc2 c5 7. a3 Nc6 8. dxc5
Bxc5 9. b4 Be7 10. Bb2 dxc4 11. Bxc4 O-O 12. Rd1 Bd7 13. Ne4 Rc8 14. Nxf6+
Bxf6 15. Bxf6 gxf6 16. Qe4 Qe7 17. Qh4 Kg7 18. O-O Be8 19. Nd4 Ne5 20. Bb3
Ng6 21. Qg3 Rg8 22. Rc1 Bd7 23. Rc7 Rxc7 24. Qxc7 e5 25. Nf3 Rc8 26. Qxb7
Rc3 27. Bd5 Rxa3 28. h4 Bb5 29. Rc1 Qxb7 30. Bxb7 Rb3 31. Rc7 Rxb4 32. Bd5
Nxh4 33. Nxh4 Rxh4 34. e4 Be8 35. Rc8 Bb5 36. Rc7 Be8 37. Rc8 Bd7 38. Rc7
Be8 1/2-1/2

[Event "58th ch-RUS Semi-Final"]
[Site "Kazan RUS"]
[Date "2005.09.06"]
[Round "4"]
[White "Balashov,Y"]
[Black "Shaposhnikov,E"]
[Result "1/2-1/2"]
[WhiteElo "2469"]
[BlackElo "2533"]
[EventDate "2005.09.03"]

1. d4 Nf6 2. Nf3 e6 3. e3 b6 4. Bd3 Bb7 5. O-O d5 6. Ne5 g6 7. Nd2 Bg7 8.
f4 Ne4 9. Nxe4 dxe4 10. Bb5+ c6 11. Bc4 Nd7 12. a4 a5 13. Be2 O-O 14. b3 c5
15. Bb2 Nxe5 1/2-1/2

[Event "58th ch-RUS Semi-Final"]
[Site "Kazan RUS"]
[Date "2005.09.07"]
[Round "5"]
[White "Zvjaginsev,V"]
[Black "Kharlov,A"]
[Result "1/2-1/2"]
[WhiteElo "2659"]
[BlackElo "2619"]
[EventDate "2005.09.03"]

1. c4 e5 2. Nc3 Nf6 3. Nf3 Nc6 4. g3 d5 5. cxd5 Nxd5 6. Bg2 Nb6 7. Rb1 a5
8. O-O Be7 9. d3 Be6 10. Be3 Nd5 11. Nxd5 Bxd5 12. Qa4 O-O 13. Rbc1 f6 14.
a3 Rf7 15. Qb5 a4 16. Nd2 Bxg2 17. Kxg2 Qc8 18. Qc4 Qe8 19. Qb5 Qc8 20. Qc4
Qe8 21. Qb5 1/2-1/2

[Event "58th ch-RUS Semi-Final"]
[Site "Kazan RUS"]
[Date "2005.09.07"]
[Round "5"]
[White "Korotylev,A"]
[Black "Volkov,S1"]
[Result "0-1"]
[WhiteElo "2604"]
[BlackElo "2622"]
[EventDate "2005.09.03"]

1. d4 d5 2. c4 c6 3. Nc3 Nf6 4. e3 a6 5. Bd3 b5 6. b3 Bg4 7. Nge2 Bh5 8.
O-O e6 9. f3 Bd6 10. e4 dxe4 11. Nxe4 Nxe4 12. Bxe4 Bg6 13. c5 Be7 14. a4
b4 15. Bf4 O-O 16. Bxb8 Bxe4 17. fxe4 Rxb8 18. Rc1 Bg5 19. Rc2 f5 20. e5
Be3+ 21. Kh1 f4 22. Qd3 Qd5 23. Rd1 Rbd8 24. h3 Rf5 25. Qc4 Rxe5 26. Rf1
Rf5 27. Qxd5 Rdxd5 28. a5 Bxd4 29. Rxf4 Be5 0-1

[Event "58th ch-RUS Semi-Final"]
[Site "Kazan RUS"]
[Date "2005.09.07"]
[Round "5"]
[White "Khalifman,A"]
[Black "Chuprov,D"]
[Result "1/2-1/2"]
[WhiteElo "2653"]
[BlackElo "2477"]
[EventDate "2005.09.03"]

1. d4 Nf6 2. Nf3 d6 3. c4 g6 4. Nc3 Bg7 5. g3 O-O 6. Bg2 Nbd7 7. O-O e5 8.
e4 exd4 9. Nxd4 a6 10. h3 Rb8 11. Be3 Re8 12. b3 c6 13. Rb1 Qe7 14. Re1 c5
15. Nf3 b6 16. Bf4 Ne5 17. Nxe5 dxe5 18. Bg5 Bb7 19. Qd2 Qf8 20. a3 Rbd8
21. Nd5 Bxd5 22. cxd5 Rd6 23. b4 Nd7 24. bxc5 Nxc5 25. Be3 f5 26. Rec1 Nxe4
27. Bxe4 fxe4 28. Rxb6 Rxb6 29. Bxb6 Bh6 30. Be3 Bxe3 31. Qxe3 Qf3 32. Qc5
e3 33. Qxe3 Qxd5 34. Rc5 Qd4 35. Qb3+ Kh8 36. Rd5 Qe4 37. Qd3 Qxd3 38. Rxd3
e4 39. Rc3 Re5 40. a4 Ra5 41. Rc4 Re5 42. Kg2 Kg7 43. Rc7+ Kg8 44. h4 Ra5
45. Rc4 Re5 46. Kh3 Rf5 47. Rxe4 Rxf2 48. Re8+ Kg7 49. Ra8 h5 50. Ra7+ Kh6
51. Rxa6 Ra2 52. Ra7 Rc2 53. a5 Ra2 54. a6 g5 55. hxg5+ Kxg5 56. Ra8 Kg6
57. g4 Ra3+ 58. Kh4 Ra4 59. a7 Kg7 60. Kxh5 1/2-1/2

[Event "58th ch-RUS Semi-Final"]
[Site "Kazan RUS"]
[Date "2005.09.07"]
[Round "5"]
[White "Bareev,E"]
[Black "Belov,Vl"]
[Result "1-0"]
[WhiteElo "2688"]
[BlackElo "2596"]
[EventDate "2005.09.03"]

1. d4 Nf6 2. c4 e6 3. Nc3 Bb4 4. Qc2 c5 5. dxc5 O-O 6. a3 Bxc5 7. Nf3 b6 8.
Bf4 Bb7 9. Rd1 Nc6 10. e4 Ne7 11. h4 Ng4 12. Rd2 f5 13. Bd3 Ng6 14. Bg5 Qb8
15. b4 Bd6 16. exf5 N6e5 17. Be4 Nxc4 18. Rd4 Bg3 19. O-O d5 20. Bxd5 Bh2+
21. Kh1 exd5 22. Rxg4 Ne5 23. Nxh2 Nxg4 24. Nxg4 d4 25. Ne2 h6 26. Qc4+ Kh8
27. Bf4 Qe8 28. Ng3 1-0

[Event "58th ch-RUS Semi-Final"]
[Site "Kazan RUS"]
[Date "2005.09.07"]
[Round "5"]
[White "Galkin,A"]
[Black "Timofeev,Arty"]
[Result "0-1"]
[WhiteElo "2598"]
[BlackElo "2661"]
[EventDate "2005.09.03"]

1. e4 c5 2. Nf3 d6 3. d4 cxd4 4. Nxd4 Nf6 5. Nc3 e6 6. g4 h6 7. h3 a6 8.
Bg2 Qc7 9. f4 b5 10. e5 Bb7 11. Bxb7 Qxb7 12. Qf3 Qxf3 13. Nxf3 b4 14. exf6
bxc3 15. fxg7 Bxg7 16. b3 Nc6 17. Be3 d5 18. O-O-O O-O-O 19. Nd4 Kb7 20.
Nxc6 Kxc6 21. Bd4 Bxd4 22. Rxd4 f6 23. Re1 Rhe8 24. Re3 Kc5 25. Red3 e5 26.
b4+ Kb5 27. Rxd5+ Rxd5 28. Rxd5+ Kc4 29. Rd6 exf4 30. Kd1 Kxb4 31. Rxf6 a5
32. Rxf4+ Ka3 33. Rf6 Rd8+ 34. Kc1 Re8 35. Kd1 Kxa2 36. Rc6 Kb2 37. Rb6+
Ka2 38. Rc6 a4 39. Rxc3 Kb2 40. Rc6 Rb8 41. Rxh6 a3 42. Ra6 a2 43. Ke2 Rh8
44. Rb6+ Kxc2 45. Ra6 Kb2 46. Rb6+ Kc3 47. Ra6 Rxh3 48. Ra3+ Kc4 49. Rxh3
a1=Q 50. Rh5 Kd4 51. Rf5 Qh1 52. Kf2 Qh2+ 53. Kf3 Qh3+ 54. Kf2 Qxg4 55. Rf3
Ke4 56. Re3+ Kf4 57. Rd3 Qh4+ 58. Ke2 Qh2+ 59. Kd1 Qb2 60. Ke1 Qc2 61. Rd2
Qc1+ 62. Ke2 Ke4 63. Rd8 Qc4+ 64. Kd1 Qa4+ 65. Ke2 Qb5+ 66. Kd1 Ke3 67. Kc2
Qc6+ 68. Kd1 Qb6 69. Rc8 Qb1+ 0-1

[Event "58th ch-RUS Semi-Final"]
[Site "Kazan RUS"]
[Date "2005.09.07"]
[Round "5"]
[White "Lastin,A"]
[Black "Smirnov,P"]
[Result "1/2-1/2"]
[WhiteElo "2583"]
[BlackElo "2635"]
[EventDate "2005.09.03"]

1. e4 c5 2. Nf3 Nc6 3. Bb5 g6 4. Bxc6 dxc6 5. d3 Bg7 6. h3 Nf6 7. Nc3 O-O
8. Bf4 Ne8 9. Qd2 f6 10. Bh6 e5 11. Nh2 Qd6 12. O-O-O Be6 13. Ng4 Rd8 14.
g3 f5 15. exf5 gxf5 16. Bxg7 Nxg7 17. Nh6+ Kh8 18. g4 Bd5 19. Rhg1 f4 20.
g5 Bf3 21. Rde1 c4 22. Ng4 Rf5 23. Nh6 Rff8 24. Ng4 Rf5 1/2-1/2

[Event "58th ch-RUS Semi-Final"]
[Site "Kazan RUS"]
[Date "2005.09.07"]
[Round "5"]
[White "Jakovenko,D"]
[Black "Yakovich,Yur"]
[Result "1-0"]
[WhiteElo "2627"]
[BlackElo "2560"]
[EventDate "2005.09.03"]

1. d4 d5 2. c4 dxc4 3. e4 Nc6 4. Nf3 Bg4 5. d5 Ne5 6. Bf4 Ng6 7. Be3 Nf6 8.
Nc3 e5 9. Bxc4 a6 10. Be2 Bd6 11. Nd2 Bd7 12. a3 Qe7 13. b4 Nf4 14. Bf3
Nd3+ 15. Kf1 O-O 16. Nc4 Nf4 17. h4 h6 18. g3 Ng6 19. h5 Nh8 20. Nxd6 cxd6
21. Na4 Bb5+ 22. Kg2 Nd7 23. Nb2 Nb8 24. Rc1 f5 25. exf5 Nf7 26. a4 Bd7 27.
Nc4 b5 28. Nb6 Ra7 29. Nxd7 Rxd7 30. a5 Ng5 31. Bxg5 Qxg5 32. Be4 Rdf7 33.
Rc2 Nd7 34. Qc1 Qd8 35. f3 Nf6 36. Rc6 Qa8 37. Qe3 Rc8 38. Rhc1 Rxc6 39.
Rxc6 Rd7 40. g4 Kh7 41. Qb6 Qf8 42. Qe3 Qa8 43. Kh3 Qd8 44. Rxa6 Rc7 45.
Rc6 Rxc6 46. dxc6 d5 47. Qb6 1-0

[Event "58th ch-RUS Semi-Final"]
[Site "Kazan RUS"]
[Date "2005.09.07"]
[Round "5"]
[White "Bocharov,D"]
[Black "Alekseev,Evgeny"]
[Result "1/2-1/2"]
[WhiteElo "2574"]
[BlackElo "2625"]
[EventDate "2005.09.03"]

1. d4 Nf6 2. c4 e6 3. Nf3 b6 4. Nc3 Bb4 5. Qb3 c5 6. Bg5 Bb7 7. e3 O-O 8.
a3 Ba5 9. dxc5 Na6 10. c6 Bxc6 11. Qc2 Bxc3+ 12. Qxc3 Nc5 13. Bxf6 gxf6 14.
b4 Ne4 15. Qb2 f5 16. Nd4 Rc8 17. f3 Nd6 18. Be2 Bb7 19. Rc1 Qg5 20. Kf2 f4
21. Qd2 fxe3+ 22. Qxe3 Qxe3+ 23. Kxe3 Rc7 24. Rhd1 Rfc8 25. Nb3 Nxc4+
1/2-1/2

[Event "58th ch-RUS Semi-Final"]
[Site "Kazan RUS"]
[Date "2005.09.07"]
[Round "5"]
[White "Tkachiev,V"]
[Black "Kurnosov,I"]
[Result "1-0"]
[WhiteElo "2625"]
[BlackElo "2549"]
[EventDate "2005.09.03"]

1. d4 Nf6 2. c4 g6 3. g3 c5 4. Nf3 Bg7 5. Bg2 cxd4 6. Nxd4 O-O 7. O-O d5 8.
cxd5 Nxd5 9. Nb5 a6 10. N5c3 Nxc3 11. Nxc3 Nc6 12. Be3 Be6 13. Qa4 Qc7 14.
Rac1 Rac8 15. Nd5 Bxd5 16. Bxd5 Bxb2 17. Rc2 Qe5 18. Qb3 Bd4 19. Bh6 Rfd8
20. Bxf7+ Kh8 21. e3 Qh5 22. exd4 Qxh6 23. Qxb7 Rf8 24. Bd5 Na5 25. Qxc8
Rxc8 26. Rxc8+ Kg7 27. Re1 Qg5 28. Re5 Qf6 29. Rc7 Kf8 30. Rc5 Qb6 31. Rc8+
Kg7 32. Rxe7+ Kh6 33. Rcc7 Qxd4 34. h4 Qd1+ 35. Kh2 1-0

[Event "58th ch-RUS Semi-Final"]
[Site "Kazan RUS"]
[Date "2005.09.07"]
[Round "5"]
[White "Najer,E"]
[Black "Grigoriants,S RUS"]
[Result "1/2-1/2"]
[WhiteElo "2614"]
[BlackElo "2562"]
[EventDate "2005.09.03"]

1. e4 c5 2. Nf3 e6 3. d4 cxd4 4. Nxd4 Nc6 5. Nc3 d6 6. Be3 Nf6 7. f3 Be7 8.
Qd2 O-O 9. g4 a6 10. O-O-O Nxd4 11. Bxd4 b5 12. g5 Nd7 13. h4 Qc7 14. Kb1
b4 15. Na4 Bb7 16. b3 d5 17. g6 fxg6 18. h5 g5 19. h6 g6 20. Bh3 Qd6 21.
Qh2 Kf7 22. Qf2 e5 23. Bb2 d4 24. Bxd4 exd4 25. Rxd4 Qe5 26. Rxd7 Bc6 27.
Nb6 Bxd7 28. Nxd7 Qc3 29. Qb6 Ke8 30. Bg4 Rc8 31. Rc1 Rc7 32. Qe6 Rc6 33.
Qd5 Rd6 34. Qb7 Kf7 35. Nxf8 Kxf8 36. Qc8+ Qxc8 37. Bxc8 Bf6 38. Bb7 Bc3
39. Rf1 a5 40. Bd5 Rf6 41. Bc4 Rf4 42. Kc1 Rh4 43. Kd1 Ke7 44. Ke2 Rxh6 45.
Rd1 Rh2+ 46. Kf1 Rxc2 47. Rd5 Rxa2 48. Rxg5 Ra1+ 49. Ke2 Ra2+ 50. Kf1 a4
51. bxa4 Rxa4 52. Rb5 Kd6 53. Rd5+ Kc7 54. Rc5+ Kb6 55. Rd5 Ra5 56. Rd7 Ra7
57. Rd5 Ra5 58. Rd7 Ra7 59. Rd5 Rc7 60. Rb5+ Kc6 61. Ke2 Rd7 62. Rd5 Rxd5
63. Bxd5+ Kc5 64. f4 Kd4 65. Kf3 Kc5 66. Bg8 h6 67. e5 g5 68. Kg4 Bd2 69.
fxg5 hxg5 70. Kf5 1/2-1/2

[Event "58th ch-RUS Semi-Final"]
[Site "Kazan RUS"]
[Date "2005.09.07"]
[Round "5"]
[White "Sakaev,K"]
[Black "Bryzgalin,K"]
[Result "1-0"]
[WhiteElo "2669"]
[BlackElo "2480"]
[EventDate "2005.09.03"]

1. d4 d5 2. Nf3 Nf6 3. c4 c6 4. Nc3 a6 5. e3 b5 6. c5 Bg4 7. h3 Bxf3 8.
Qxf3 Nbd7 9. g4 e5 10. g5 Ng8 11. h4 Qe7 12. Ne2 h6 13. Bh3 g6 14. Bd2 f5
15. gxf6 Ngxf6 16. Qg2 Rg8 17. O-O-O O-O-O 18. f3 Kb7 19. Kb1 Qh7 20. Ka1
Re8 21. Nc1 Be7 22. Nb3 Bd8 23. Ba5 Qe7 24. a3 Nb8 25. Bc3 Bc7 26. Qd2 e4
27. f4 g5 28. hxg5 hxg5 29. fxg5 Rxg5 30. Ba5 Rg3 31. Bxc7 Qxc7 32. Rdf1
Nh7 33. Rf4 Rf8 34. Rxf8 Nxf8 35. Bf5 Rf3 36. Bg4 Rg3 37. Bf5 Rf3 38. Bg4
Rg3 39. Qf2 Ng6 40. Qf5 Nf8 41. Qxf8 Rxg4 42. Rh8 Rg6 43. Na5+ Ka8 44. Ka2
1-0

[Event "58th ch-RUS Semi-Final"]
[Site "Kazan RUS"]
[Date "2005.09.07"]
[Round "5"]
[White "Sorokin,M"]
[Black "Tregubov,P"]
[Result "1/2-1/2"]
[WhiteElo "2567"]
[BlackElo "2607"]
[EventDate "2005.09.03"]

1. d4 d5 2. c4 e6 3. Nf3 c6 4. Qc2 dxc4 5. Qxc4 Nf6 6. Bg5 b5 7. Qc2 Bb7 8.
e3 Nbd7 9. Bd3 a6 10. a4 Bb4+ 11. Nbd2 c5 12. Bxf6 Nxf6 13. axb5 Bxf3 14.
gxf3 axb5 15. Bxb5+ Ke7 16. Rxa8 Qxa8 17. Ke2 Rb8 18. Bd3 cxd4 19. Qc7+ Kf8
20. Ra1 Qb7 21. Qxb7 Rxb7 22. Ra8+ Ke7 1/2-1/2

[Event "58th ch-RUS Semi-Final"]
[Site "Kazan RUS"]
[Date "2005.09.07"]
[Round "5"]
[White "Epishin,V"]
[Black "Magomedov,Ma"]
[Result "1/2-1/2"]
[WhiteElo "2600"]
[BlackElo "2565"]
[EventDate "2005.09.03"]

1. d4 d5 2. c4 c6 3. Nf3 Nf6 4. e3 e6 5. Bd3 Nbd7 6. O-O Bd6 7. Nbd2 O-O 8.
e4 e5 9. cxd5 cxd5 10. Re1 Re8 11. exd5 exd4 12. Ne4 Nxe4 13. Rxe4 Nf6 14.
Rh4 h6 15. h3 Bc5 16. Qb3 b6 17. Bb5 Bd7 1/2-1/2

[Event "58th ch-RUS Semi-Final"]
[Site "Kazan RUS"]
[Date "2005.09.07"]
[Round "5"]
[White "Khairullin,I"]
[Black "Riazantsev,A"]
[Result "1/2-1/2"]
[WhiteElo "2538"]
[BlackElo "2599"]
[EventDate "2005.09.03"]

1. e4 e5 2. Nf3 Nc6 3. Bb5 a6 4. Ba4 Nf6 5. O-O b5 6. Bb3 Bb7 7. d3 Bc5 8.
Nc3 d6 9. a4 b4 10. Nd5 Na5 11. Nxf6+ Qxf6 12. Ba2 Bc8 13. h3 Rb8 14. c3 b3
15. Bb1 O-O 16. d4 Bb6 17. d5 Qg6 18. Nh4 Qf6 19. Nf5 c6 1/2-1/2